header

Theory building in educational research (Record no. 86172)

MARC details
000 -LEADER
fixed length control field 01173nam a2200301Ia 4500
082 04 - DEWEY DECIMAL CLASSIFICATION NUMBER
Classification number 370.7/2
100 1# - MAIN ENTRY--AUTHOR NAME
Personal name Kettley, Nigel C.
245 10 - TITLE STATEMENT
Title Theory building in educational research
260 ## - PUBLICATION, DISTRIBUTION, ETC. (IMPRINT)
Place of publication New York :
Name of publisher Continuum International Pub. Group,
Year of publication c2010.
300 ## - PHYSICAL DESCRIPTION
Number of Pages 224 p.
650 #0 - SUBJECT ADDED ENTRY--TOPICAL TERM
Topical Term Education
Topical Term Education
856 40 - ELECTRONIC LOCATION AND ACCESS
Uniform Resource Identifier http://site.ebrary.com/lib/rucke/Doc?id=10415875

No items available.

© 2026 Rongo University
Contact us: librarian | system librarian | Rongo university